LEADER 01400oam 2200433Ia 450 001 9910698711403321 005 20090428133610.0 035 $a(CKB)5470000002396746 035 $a(OCoLC)319537101 035 $a(EXLCZ)995470000002396746 100 $a20090428d2009 ua 0 101 0 $aeng 135 $aurnn||||||||| 181 $ctxt$2rdacontent 182 $cc$2rdamedia 183 $acr$2rdacarrier 200 00$aFake seals and phony numbers$b[electronic resource] $ehow fraudsters try to look legit /$fU.S. Securities and Exchange Commission 205 $a[2009 ed.] 210 1$a[Washington, D.C.] :$cU.S. Securities and Exchange Commission,$d[2009] 215 $a1 electronic text $cHTML file 300 $aTitle from title screen (viewed Apr. 28, 2009). 300 $a"Modified: 02/04/2009." 517 $aFake seals and phony numbers 606 $aTelemarketing 606 $aDeceptive advertising 606 $aConsumer protection 606 $aDisclosure of information 615 0$aTelemarketing. 615 0$aDeceptive advertising. 615 0$aConsumer protection. 615 0$aDisclosure of information. 712 02$aUnited States.$bSecurities and Exchange Commission. 801 0$bGPO 801 1$bGPO 801 2$bGPO 906 $aBOOK 912 $a9910698711403321 996 $aFake seals and phony numbers$93467176 997 $aUNINA